书目信息 |
| 题名: |
中国阻燃剂工业与技术
|
|
| 作者: | 杨荣杰 , 李向梅 编著 | |
| 分册: | ||
| 出版信息: | 北京 科学出版社 2013.01 |
|
| 页数: | 276页 | |
| 开本: | 25cm | |
| 丛书名: | ||
| 单 册: | ||
| 中图分类: | TQ569 | |
| 科图分类: | ||
| 主题词: | 阻燃剂--化学工业--研究--中国 , 阻燃剂 , 化学工业 | |
| 电子资源: | ||
| ISBN: | 978-7-03-036563-7 | |
| 000 | 01043nam0 2200277 450 | |
| 001 | 0100200025689 | |
| 005 | 20130701094325.67 | |
| 010 | @a978-7-03-036563-7@b精装@dCNY98.00 | |
| 100 | @a20130401d2013 em y0chiy50 ea | |
| 101 | 0 | @achi |
| 102 | @aCN@b110000 | |
| 105 | @aak z 000yy | |
| 106 | @ar | |
| 200 | 1 | @a中国阻燃剂工业与技术@9zhong guo zu ran ji gong ye yu ji shu@f杨荣杰,李向梅等编著 |
| 210 | @a北京@c科学出版社@d2013.01 | |
| 215 | @a276页@c图@d25cm | |
| 330 | @a本书共8章,对我国不同类型阻燃剂的发展过程、工业生产情况、技术进步等进行了系统总结。介绍了我国与阻燃相关的溴资源、磷资源、镁资源、铝资源、锑资源等矿产资源的储量、分布、开发及应用情况等内容。 | |
| 333 | @a与阻燃剂、阻燃材料、防火等领域相关的高等院校、研究院所、大专院校等的研究人员及研究生 | |
| 606 | 0 | @a阻燃剂@x化学工业@x研究@y中国 |
| 606 | 0 | @a阻燃剂 |
| 606 | 0 | @a化学工业 |
| 690 | @aTQ569@v5 | |
| 701 | 0 | @a杨荣杰@9yang rong jie@4编著 |
| 701 | 0 | @a李向梅@9li xiang mei@4编著 |
| 801 | 0 | @aCN@b人天书店@c20130401 |
| 905 | @b544728-31@dTQ569@e47@f4 | |
| 中国阻燃剂工业与技术/杨荣杰,李向梅等编著.-北京:科学出版社,2013.01 |
| 276页:图;25cm |
| 使用对象:与阻燃剂、阻燃材料、防火等领域相关的高等院校、研究院所、大专院校等的研究人员及研究生 |
| ISBN 978-7-03-036563-7(精装):CNY98.00 |
| 本书共8章,对我国不同类型阻燃剂的发展过程、工业生产情况、技术进步等进行了系统总结。介绍了我国与阻燃相关的溴资源、磷资源、镁资源、铝资源、锑资源等矿产资源的储量、分布、开发及应用情况等内容。 |
| ● |
| 相关链接 |
|
|
|
|
正题名:中国阻燃剂工业与技术
索取号:TQ569/47
 
预约/预借
| 序号 | 登录号 | 条形码 | 馆藏地/架位号 | 状态 | 备注 |
| 1 | 544728 | 205447284 | 第二样本阅览室/ [索取号:TQ569/47] | 在馆 | |
| 2 | 544729 | 205447293 | 密集书库-化学系/ [索取号:TQ569/47] | 在馆 | |
| 3 | 544730 | 205447300 | 第三借阅区/ [索取号:TQ569/47] | 在馆 | |
| 4 | 544731 | 205447319 | 第三借阅区/ [索取号:TQ569/47] | 在馆 |